Österreichisches Essen - Statistiken

Allgemein
  • Dieses Quiz wurde 1.606 mal gespielt
  • Das Durchschnittsergebnis liegt bei 7 aus 16
Antwortstatistiken
Bildquiz Antwort % Korrekt
Wiener Schnitzel
89%
Apfelstrudel
88%
Vanillekipferl
81%
Sachertorte
75%
Käsespätzle
72%
Kaiserschmarren
65%
Palatschinken
55%
Linzer Torte
47%
Mohnnudel
44%
Grießnockerlsuppe
41%
Tafelspitz
32%
Kaspressknödel
31%
Kärntner Kasnudel
16%
Reindling
10%
Ritschert
2%
Schlickkrapfen
2%
Keine übereinstimmenden Quizze gefunden
Verteilung der Resultate
Anzahl Personen mit jedem Resultat
Perzentil nach korrekt beantworteten Fragen
Ihre Resultats-Entwicklung
Sie haben dieses Quiz noch nicht gespielt